000 00394 a2200145 4500
001 171325
020 _a
040 _cMagnum
100 _aSindicato das Escolas Particulares de Minas Gerais
240 1 0 _aEnsino superior: legislacao mais importante atualizada
_lpor
245 1 0 _aEnsino superior: legislacao mais importante atualizada
362 0 _a1899
697 _aENSINO
942 _cBK
999 _c171325
_d171325